000 00356nam a2200133Ia 4500
008 210210b1950 xxu||||| |||| 00| 0 eng d
082 _aS891.6 BHIK
100 _aBHIDE (N N)
245 _aKarma theory: its origin, nature proof and implications
260 _aMysore
_bUniversity
_c1950
300 _a83
690 _aSanskrit Prakirana
906 _aSG01029
999 _c112255
_d112255